| 000 | 01178nam0a22003011 4500 | ||
|---|---|---|---|
| 001 | rc\4542772 | ||
| 005 | 20250612113115.0 | ||
| 021 |
_aRU _b[59-30522] |
||
| 035 | _a(NLR Aleph) 008636524 | ||
| 090 |
_a8915551 _c8915551 |
||
| 100 | _a20130416d1959 |||y0rusy50 ca | ||
| 101 | 0 | _arus | |
| 102 | _aRU | ||
| 105 | _aa b ||||| | ||
| 200 | 1 | _aОпыт освоения новых листопрокатных станов на Алчевском металлургическом заводе им. Ворошилова | |
| 210 |
_a[Москва _cБ. и. _d1959] |
||
| 215 |
_a13 с. _cил. _d26 |
||
| 225 | 1 | _aДоклад на Всесоюзном совещании прокатчиков (по листопрокатному производству) г. Запорожье, 1959 г. | |
| 300 | _aБез тит. л. и обл. | ||
| 333 | _aНа правах рукописи | ||
| 606 |
_aЛистопрокатное производство _2psbo |
||
| 606 |
_aЛистопрокатные станы _2psbo |
||
| 700 | 1 |
_aКовынев _bМ.П. |
|
| 801 | 0 |
_aRU _bNLR _gpsbo |
|
| 801 | 1 |
_aRU _bELAR _2rusmarc |
|
| 852 |
_aNLR _j59-7/987 |
||
| 942 | _cBOOK | ||
| 980 | _aNB | ||